Crítica de la razón pura / (Record no. 12301)

MARC details
000 -CABECERA
campo de control de longitud fija 00686nam a2200205 a 4500
005 - FECHA Y HORA DE LA ÚLTIMA TRANSACCIÓN
campo de control 20230512063618.0
008 - ELEMENTOS DE LONGITUD FIJA--INFORMACIÓN GENERAL
campo de control de longitud fija 991125s1976 bue 000 0 spa u
035 ## - NÚMERO DE CONTROL DEL SISTEMA
Número de control de sistema UPN01000012301
049 ## - COLECCIÓN
Colección CG
050 #4 - SIGNATURA TOPOGRÁFICA DE LA BIBLIOTECA DEL CONGRESO
Número de clasificación BZ774 K9
Número de documento/Ítem C7.58a 1976
100 1# - ASIENTO PRINCIPAL--NOMBRE PERSONAL
Nombre de persona Kant, Immanuel,
Fechas asociadas al nombre 1724-1804
245 10 - MENCIÓN DE TÍTULO
Título Crítica de la razón pura /
Mención de responsabilidad, etc. Kant ; tr. José del Perojo.
250 ## - MENCIÓN DE EDICIÓN
Mención de edición 8a ed.
260 ## - PUBLICACIÓN, DISTRIBUCIÓN, ETC.
Lugar de publicación, distribución, etc. Buenos Aires :
Nombre del editor, distribuidor, etc. Losada,
Fecha de publicación, distribución, etc. 1976.
300 ## - DESCRIPCIÓN FÍSICA
Extensión 2 v.
440 #0 - MENCIÓN DE SERIE/ASIENTO SECUNDARIO--TÍTULO
Título Biblioteca filosófica
505 8# - NOTA DE CONTENIDO CON FORMATO PREESTABLECIDO
Nota de contenido con formato Contenido:
Información miscelánea v.1.
Título Estética trascendental y analítica trascendental --
Información miscelánea v.2.
Título Dialéctica trascendental y metodología trascendental
650 #4 - ASIENTO SECUNDARIO DE MATERIA - TERMINO TEMATICO
Término de materia o nombre geográfico como elemento de entrada Filosofía alemana
9 (RLIN) 7273
905 ## - TIPO DE MATERIAL
Tipo de material Libro
Holdings
Estado de retiro Estado de pérdida Fuente del sistema de clasificación o colocación Estado dañado No para préstamo Código de colección Localización permanente Ubicación/localización actual Ubicación en estantería Enumeración/cronología de publicación seriada Total de préstamos Clasificación Código de barras Fecha visto por última vez Número de copia Tipo de ítem Koha
    Library of Congress Classification     Colección General Bib. Gregorio Torres Quintero Bib. Gregorio Torres Quintero Planta baja v.1 - 18 BZ774 K9 C7.58a 1976 114876 31/12/2020 1 Libro
    Library of Congress Classification     Colección General Bib. Gregorio Torres Quintero Bib. Gregorio Torres Quintero Planta baja v.2 - 12 BZ774 K9 C7.58a 1976 114877 31/12/2020 1 Libro